000 00918cai a22002295a 4500
001 L150514
008 100721u2010 xxk g 000 0 eng d
035 _a(Sirsi) u150514
041 0 _aeng
110 2 _aJones Lang LaSalle
_93755
245 0 0 _aGlobal sustainabililty perspective
_h[electronic resource]
520 _aGlobal Sustainabillity Perspective website from Jones Lang LaSalle covers real estate markets progress in relation to the challenges and opportunities of sustainability. Includes reports from Brazil, Russia, India and China.
590 _aKA
651 4 _aEurope
651 4 _aBrazil
651 4 _aRussia
651 4 _aIndia
651 4 _aChina
690 _aENVIRONMENTAL AND LAND CONSULTANCY-SUSTAINABILITY
856 4 0 _uhttps://www.joneslanglasalle.com/Pages/Global-Property-Sustainability-Perspective.aspx
_zview the item free of charge at www.joneslanglasalle.com...
942 _n0
999 _c120873
_d120873